00406nam a2200145Ia 45000010005000000080041000050200022000460820017000681000023000852450049001082600053001575900007002109010028002179990015002451008241024s9999 xx 000 0 und d a978-9945-443-13-4 aRD/330/G953p aHugo Guiliani Cury 0aPensamiento y acción de Hugo Guiliani Cury bBanco Central de la República Dominicanac2008 asi a22/12/2010 2:39:45 p.m. c9735d9735